000 00714nam a2200241 a 4500
005 20210219153040.0
008 991125n 000 0 spa u
035 _aUPN01000074715
100 1 _aLópez Saez, Mercedes
222 _aREVISTA DE PSICOLOGIA SOCIAL
245 _aEL efecto tercera persona en la campaña electoral : análisis desde la perspectiva de la conformidad superior del yo
300 _a153-166
362 0 _a1997 Vol. 12, no. 2
653 0 _aCAMPAÑA ELECTORAL
653 0 _aINFLUENCIA SOCIAL
653 0 _aPROPAGANDA
700 1 _aMartínez Rubio, José Luis
700 1 _ecoaut.
700 1 _aArias, Ana V.,
700 1 _ecoaut.
904 _aAC
_b012526
905 _aArticulo
999 _c67076
_d67076